| 000 | 00573cam a22001697 4500 | ||
|---|---|---|---|
| 001 | ltf91035602 | ||
| 003 | DLC | ||
| 005 | 20260227111552.0 | ||
| 008 | 910402s1870 ne 000 0 dut | ||
| 010 | _altf91035602 | ||
| 040 |
_aDLC _cDLC _dDLC |
||
| 050 | 0 | 0 | _aLAW |
| 110 | 1 |
_aDrenthe (Netherlands). _bEtstoel. |
|
| 245 | 1 | 0 |
_aOrdelboek van den Etstoel van Drenthe; _beene verzameling van ordelen en verordeningen van den Drost en Etten van het Landschap Drenthe, van 1399-1518. _cUitg. door H. O. Feith. |
| 260 |
_aGroningen, _bA. L. Scholtens, _c1870. |
||
| 300 | _a216 p. | ||
| 999 |
_c37555 _d37555 |
||